| 000 | 00868nam-a2200205-a-4500 | ||
|---|---|---|---|
| 001 | YSU0063673 | ||
| 003 | AM-YeHGA | ||
| 005 | 20250617153756.0 | ||
| 008 | 990522s1961 xxu 000 0 rus u | ||
| 040 | _aAM-YeHGA | ||
| 100 | 1 | 0 | _aКудинова, Екатерина Андреевна |
| 245 | 1 | 0 |
_aГеотектоническое развитие структуры центральных областей русской платформы / _cЕ.А. Кудинова ; Ред. В.Г. Васильев |
| 260 |
_aМосква : _bАН СССР , _c1961. |
||
| 300 | _a96 с. | ||
| 550 | _aАН СССР. Якутский филиал Сибирского отд. | ||
| 650 | 4 | _aГеотектоника | |
| 700 | 1 |
_aВасильев, В.Г. _4edt |
|
| 710 | 2 | _aАН СССР. Якутский филиал Сибирского отд. | |
| 090 | _c399819 | ||
| 999 |
_c397714 _d397714 |
||